00251nam a2200097 a 450000500170000000800410001705000170005810000150007524500230009026000400011320140414131922.0101023s19uu xx 00 eng d aERbEa1 2006 aTan, Susan aEavesdropping eve. bPenerbitan Pelangi Sdn. Bhd,c2006.